Cities by One Terrible Sentence - Statistics

General Stats
  • This quiz has been taken 27 times
  • The average score is 10 of 15
Answer Stats
Hint City % Correct
It has an eye, tower, and temz. London
95%
Eye fall tower is the most popular in the place. Paris
95%
A former divided German city with an American rip-off. Berlin
91%
Peter the Great did not name the city after him. St. Petersburg
91%
Has a Jesus statue that overlooks the city. Rio de Janeiro
82%
Pizza-place with a Floridian rip-off. Naples
73%
Chinese municipality with hella lots of gambling. Macau
68%
Australian city that can be a common unisex name... I just learned. Sydney
64%
Crowded, low elevation, African = megacity. Lagos
59%
Kyushu city that got wiped from the face of the planet in 1945. Nagasaki
59%
Ukrainian-port with a Texan rip-off. Odessa
59%
A very well-known canal... the Egyptian one. Suez
59%
One of the capitals of South Africa, specifically the long one. Bloemfontein
50%
Karl Marx lived here and really needed to use some. Cologne
14%
Third largest city in Bangladesh... bet you don't know it. Khulna
5%
No matching quizzes found
Score Distribution
Percent of People with Each Score
Percentile by Number Answered
Your Score History
You have not taken this quiz